MARC

LEADER 00000nam0a2200000 4500
001 66358
005 20231101212245.0
035 |a (RuTPU)RU\TPU\book\70528 
090 |a 66358 
100 |a 20040816d1968 km y0rusy50 ca 
101 0 |a rus  |a eng 
102 |a RU 
105 |a y e 000zy 
200 1 |a Немецко-русский электротехнический словарь  |e Около 60 000 терминов  |f сост. М. Л. Гинзбург и др. 
205 |a 3-е изд., испр. и доп. 
210 |a Москва  |c Советская энциклопедия  |d 1968 
215 |a 868 с. 
606 1 |a Немецкий язык  |x Терминологические словари  |2 stltpush  |3 (RuTPU)RU\TPU\subj\45383  |9 64626 
606 1 |a Электротехника общая  |2 stltpush  |3 (RuTPU)RU\TPU\subj\20906  |9 45967 
610 1 |a словари 
610 1 |a терминологические словари 
610 1 |a электрические машины 
610 1 |a электроэнергетика 
610 1 |a электросвязь 
675 |a 621.3(038)  |v 3 
686 |a Ш143.24-43  |2 rubbk 
702 1 |a Гинзбург  |b М. Л.  |4 220 
702 1 |a Горохов  |b П. К.  |4 220 
702 1 |a Гейлер  |b Л. Б.  |4 220 
702 1 |a Шишкин  |b С. В.  |4 220 
801 0 |a RU  |b 63413507  |c 20011209  |g PSBO 
801 2 |a RU  |b 63413507  |c 20200622  |g PSBO 
942 |c BK